Statistics for U.S. States with the Most Venomous Snake Species

Click here to take the quiz!

General Stats

  • This quiz has been taken 5,988 times
  • The average score is 8 of 10

Answer Stats

# Species State % Correct
15Texas
98%
10California
96%
10New Mexico
94%
19Arizona
94%
11Alabama
80%
9Mississippi
79%
10Georgia
79%
10Oklahoma
74%
9South Carolina
67%
8Missouri
54%

Score Distribution

Percentile by Number Answered

Percent of People with Each Score

Your Score History

You have not taken this quiz